Hunger Games Characters by Actors Quiz Stats

Quiz Updated Aug 6, 2012

Challenge
Share
Tweet
Embed
Score 0/14 Timer 03:00
1 Play Today
Actor or Actress Character % Correct
Jennifer LawrenceKatniss Everdeen
99.2%
Josh HutchersonPeeta Mellark
94.9%
Liam HemsworthGale Hawthorne
91.3%
Woody HarrelsonHaymitch Abernathy
76.6%
Elizabeth BanksEffie Trinket
74.4%
Donald SutherlandPresident Snow
67.4%
Lenny KravitzCinna
65.3%
Actor or Actress Character % Correct
Willow ShieldsPrimrose Everdeen
64.5%
Amandla StenbergRue
55.3%
Alexander LudwigCato
53.8%
Stanley TucciCaesar Flickerman
52.9%
Isabelle FuhrmanClove
42.7%
Wes BentleySeneca Crane
38.1%
Toby JonesClaudius Templesmith
26.8%

You're not logged in!

Compare scores with friends on all Sporcle quizzes.
Join for Free
OR
Log In

You Might Also Like...

Show Comments

Extras

Top Quizzes Today


Score Distribution

Your Account Isn't Verified!

In order to create a playlist on Sporcle, you need to verify the email address you used during registration. Go to your Sporcle Settings to finish the process.

Report this User

Report this user for behavior that violates our Community Guidelines.

Details: